Statistics for Math Geeks #2: Speed typing addition

Click here to take the quiz!

General Stats

  • This quiz has been taken 80 times
  • The average score is 9 of 15

Answer Stats

HintAnswer% Correct
1+12
100%
2+68
100%
10+1121
98%
12+2032
96%
100+23123
94%
40+91131
94%
400+8001200
83%
230+141371
83%
129+291420
37%
15+4+827
33%
13+5+6+1034
25%
434+343777
25%
4000+800012000
23%
12+67+887
23%
120120+134120274
0%

Score Distribution

Percentile by Number Answered

Percent of People with Each Score

Your Score History

You have not taken this quiz